Online
Catalog

Moral social : (Record no. 29407)

MARC details
000 -CABECERA
campo de control de longitud fija 00702nam a2200217 a 4500
001 - NÚMERO DE CONTROL
campo de control 000029915
005 - FECHA Y HORA DE LA ÚLTIMA TRANSACCIÓN
campo de control 20260312134858.0
008 - DATOS DE LONGITUD FIJA--INFORMACIÓN GENERAL
campo de control de longitud fija 110427s2000 dr 000 0 spa d
040 ## - FUENTE DE LA CATALOGACIÓN
Centro catalogador/agencia de origen DO-SdBNP
Lengua de catalogación spa
Centro/agencia transcriptor BNPHU
082 ## - NÚMERO DE LA CLASIFICACIÓN DECIMAL DEWEY
Número de clasificación 177
Número de documento/Ítem H831m,1995
100 1# - ENTRADA PRINCIPAL--NOMBRE DE PERSONA
Nombre de persona Hostos, Eugenio María de,
Fechas asociadas al nombre 1839-1903
9 (RLIN) 1352
245 10 - MENCIÓN DE TÍTULO
Título Moral social :
Resto del título (fragmentos) /
Mención de responsabilidad, etc. Eugenio María de Hostos.
250 ## - MENCIÓN DE EDICIÓN
Mención de edición 2a ed.
260 ## - PUBLICACIÓN, DISTRIBUCIÓN, ETC.
Lugar de publicación, distribución, etc. Santo Domingo :
Nombre del editor, distribuidor, etc. UCE,
Fecha de publicación, distribución, etc. 2000.
300 ## - DESCRIPCIÓN FÍSICA
Extensión [112] p. ;
Dimensiones 21 cm.
490 ## - MENCIÓN DE SERIE
Mención de serie Antología de nuestra voz
Designación de volumen o secuencia 52
650 #0 - PUNTO DE ACCESO ADICIONAL DE MATERIA--TÉRMINO DE MATERIA
Término de materia o nombre geográfico como elemento de entrada Ética social
9 (RLIN) 1353
710 1# - PUNTO DE ACCESO ADICIONAL--NOMBRE DE ENTIDAD CORPORATIVA
Nombre de entidad corporativa o nombre de jurisdicción como elemento de entrada Universidad Central del Este
9 (RLIN) 37229
830 #0 - PUNTO DE ACCESO ADICIONAL DE SERIE-TÍTULO UNIFORME
Título uniforme Antología de nuestra voz
Número de parte o sección de la obra 52
9 (RLIN) 56655
910 ## - DATOS DE OPCIÓN DEL USUARIO (OCLC)
Datos de opción del usuario Validado. Control de calidad MFF
Holdings
Estado de retiro Estado de pérdida No para préstamo Código de colección Localización permanente Ubicación/localización actual Ubicación en estantería Fecha de adquisición Número de inventario Total de préstamos Signatura topográfica completa Código de barras Fecha visto por última vez Precio válido a partir de Tipo de ítem Koha
    Excluido de préstamo Patrimonio Dominicano Patrimonio Dominicano Patrimonio Dominicano En catalogación 27.04.2011 LF1   177 H831m,1995 29915-10 25.06.2020 25.06.2020 Libro y Folleto Colección Patrimonio Dominicano

Powered by Koha